000 00432nam a2200205Ia 4500
001 083189
003 YMCAF
005 20230512161408.0
008 100717s2002 ||||||||||||||||| ||und|d
024 _a83189
035 _a22649
040 _aYMCAF
_beng
_cIN-KoLT
041 _aeng
082 _a621.815
_bSID
100 _aSidheswar, N
245 0 _aMachine drawing
260 _bTMH
_c2002
300 _a267
942 _2ddc
_cBK
999 _c8376
_d8376